Największe miasta w Rosji zawierające literę - Statystyki

Ogólne statystyki
  • Ten quiz został rozwiązany 297 razy
  • Średni wynik to 19 z 28
Statystyki odpowiedzi
Litera Miasto % Poprawnych
A Moskwa
100%
K Moskwa
100%
M Moskwa
100%
O Moskwa
100%
S Moskwa
100%
W Moskwa
100%
B Petersburg
93%
E Petersburg
93%
G Petersburg
93%
P Petersburg
93%
R Petersburg
93%
T Petersburg
93%
U Petersburg
93%
Ń Kazań
61%
Z Kazań
61%
J Jekaterynburg
51%
I Nowosybirsk
51%
N Nowosybirsk
51%
Y Nowosybirsk
51%
Ł Wołgograd
51%
D Niżny Nowogród
44%
Ó Niżny Nowogród
44%
Ż Niżny Nowogród
44%
F Ufa
40%
C Czelabińsk
36%
L Czelabińsk
36%
H Chabarowsk
11%
Ź Nowokuźnieck
7%
Nie znaleziono quizów pasujących do podanych kryteriów
Rozkład punktacji
Procent ludzi z każdym wynikiem
Percentyl według liczby udzielonych odpowiedzi
Twoja historia wyników
Nie rozwiązałeś tego quizu